000 003220000a22001450004500
003 MACL
040 _aMACL
090 _c6450
_d6449
100 _aSahai, Malti
245 _aRaj Kapoor's Films
_bHarmony of Discourses
260 _bVikas Publishing House
_c1988
350 _a295
650 _aBiography
942 _cBOOK
_k920
999 _c6402
_d6402